[Event "EU-ch Rapid"]
[Site "Katowice"]
[Date "2022.12.17"]
[Round "4"]
[White "Domenech, Vianney"]
[Black "Drozdowski, Kacper"]
[Result "0-1"]
[WhiteElo "2249"]
[BlackElo "2448"]
[PlyCount "76"]
[EventDate "2022.12.17"]
[EventType "swiss (rapid)"]
[EventRounds "11"]
[EventCountry "POL"]
[SourceTitle "CBM 211 Extra"]
[Source "ChessBase"]
[SourceDate "2023.01.31"]
[SourceVersion "1"]
[SourceVersionDate "2023.01.31"]
[SourceQuality "1"]

1. d4 d6 2. Bf4 Nd7 3. Nf3 g6 4. e4 Bg7 5. Nc3 e5 6. dxe5 dxe5 7. Bg5 Ngf6 8. Nd5 c6 9. Nxf6+ Bxf6 10. Bh6 Qb6 11. Bc4 Qxb2 12. 0-0 Qb4 13. Nd2 Qe7 14. Qf3 Nc5 15. Rab1 b5 16. Be3 Ne6 17. Bxe6 Qxe6 18. Nb3 Be7 19. h3 0-0 20. Nc5 Qxa2 21. c4 Qa5 22. cxb5 cxb5 23. Rfc1 b4 24. Qg3 Bf6 25. Qf3 Bg7 26. Nb3 Qb5 27. Ra1 a5 28. Rc5 Qd3 29. Rcxa5 Rxa5 30. Nxa5 b3 31. Bc5 b2 32. Rd1 Rd8 33. Qxd3 Rxd3 34. Rb1 Rc3 35. Be3 Rc2 36. Rd1 Be6 37. Kh2 Bf8 38. Nb3 Bxb3 0-1

[Event "EU-ch Blitz"]
[Site "Katowice"]
[Date "2022.12.16"]
[Round "16"]
[White "Myrmus, Mateusz"]
[Black "Domenech, Vianney"]
[Result "1-0"]
[WhiteElo "2012"]
[BlackElo "2249"]
[PlyCount "85"]
[EventDate "2022.12.16"]
[EventType "swiss (blitz)"]
[EventRounds "22"]
[EventCountry "POL"]
[SourceTitle "CBM 211 Extra"]
[Source "ChessBase"]
[SourceDate "2023.01.31"]
[SourceVersion "1"]
[SourceVersionDate "2023.01.31"]
[SourceQuality "1"]

1. e4 Nc6 2. Bc4 d6 3. d4 Nf6 4. Nc3 g6 5. f3 Bg7 6. Be3 0-0 7. Nge2 a6 8. a4 e5 9. d5 Ne7 10. 0-0 Ne8 11. b4 f5 12. b5 a5 13. b6 Kh8 14. bxc7 Qxc7 15. Qd3 fxe4 16. fxe4 Rxf1+ 17. Rxf1 Nf6 18. Nb5 Qd8 19. Ng3 h6 20. Qa3 Ne8 21. Be2 Kh7 22. c4 Ng8 23. c5 dxc5 24. Bxc5 Ngf6 25. Qc3 b6 26. Ba3 Nd7 27. Rf7 Kg8 28. Rf2 Ba6 29. Bc4 Rc8 30. d6+ Kh7 31. Qd3 Nc5 32. Bxc5 Rxc5 33. d7 Rxc4 34. Qxc4 Qxd7 35. h4 Nd6 36. Qd5 Bxb5 37. axb5 Qc7 38. h5 g5 39. Nf5 Nc4 40. Nxg7 Kxg7 41. Qe6 Ne3 42. Qg6+ Kh8 43. Rf8# 1-0

[Event "GBR-ch 108th"]
[Site "Torquay"]
[Date "2022.08.19"]
[Round "7"]
[White "Taylor, Adam A"]
[Black "Domenech, Vianney"]
[Result "1-0"]
[WhiteElo "2204"]
[BlackElo "2258"]
[PlyCount "57"]
[EventDate "2022.08.13"]
[EventType "swiss"]
[EventRounds "9"]
[EventCountry "ENG"]
[SourceTitle "CBM 209 Extra"]
[Source "ChessBase"]
[SourceDate "2022.09.30"]
[SourceVersion "1"]
[SourceVersionDate "2022.09.30"]
[SourceQuality "1"]

1. Nf3 f5 2. d3 Nf6 3. e4 fxe4 4. dxe4 Nxe4 5. Bd3 Nf6 6. Ng5 Nc6 7. Bxh7 Ne5 8. f4 Nxh7 9. fxe5 Nxg5 10. Bxg5 c6 11. Nc3 Qa5 12. Bf4 g5 13. Bg3 Bg7 14. Qe2 d5 15. 0-0 Be6 16. Qd3 Rh6 17. Ne2 0-0-0 18. Nd4 Qb6 19. Kh1 c5 20. Nxe6 Qxe6 21. Qa3 Kb8 22. Rae1 b6 23. Rf6 Qg4 24. Rf7 Rdh8 25. Rxe7 Rxh2+ 26. Bxh2 Rxh2+ 27. Kxh2 Qh4+ 28. Qh3 Qxe1 29. Rxg7 1-0

[Event "GBR-ch 108th"]
[Site "Torquay"]
[Date "2022.08.17"]
[Round "5"]
[White "Eggleston, David"]
[Black "Domenech, Vianney"]
[Result "1-0"]
[WhiteElo "2331"]
[BlackElo "2258"]
[PlyCount "65"]
[EventDate "2022.08.13"]
[EventType "swiss"]
[EventRounds "9"]
[EventCountry "ENG"]
[SourceTitle "CBM 209 Extra"]
[Source "ChessBase"]
[SourceDate "2022.09.30"]
[SourceVersion "1"]
[SourceVersionDate "2022.09.30"]
[SourceQuality "1"]

1. e4 c5 2. Nf3 d6 3. Bb5+ Nd7 4. 0-0 a6 5. Bd3 Ngf6 6. Re1 b5 7. c4 g5 8. Nxg5 Ne5 9. Be2 h6 10. Nf3 Nxc4 11. Bxc4 bxc4 12. Na3 e5 13. Nxc4 Rg8 14. Ne3 Be6 15. d3 Nd7 16. Nd2 Be7 17. Ndc4 Rg6 18. Qh5 Nf6 19. Qf3 Ng4 20. Nf5 d5 21. Nce3 Nxe3 22. Bxe3 d4 23. Bd2 Qb6 24. b3 a5 25. Bxh6 Kd7 26. Bd2 Qc6 27. g3 Rf6 28. Qh5 Rxf5 29. exf5 Bd5 30. Rxe5 Bh1 31. f3 Bxf3 32. Qxf7 Re8 33. Rae1 1-0

[Event "GBR-ch 108th"]
[Site "Torquay"]
[Date "2022.08.13"]
[Round "1"]
[White "Domenech, Vianney"]
[Black "Rathbone Jones, Ifan"]
[Result "1-0"]
[WhiteElo "2258"]
[BlackElo "2006"]
[PlyCount "69"]
[EventDate "2022.08.13"]
[EventType "swiss"]
[EventRounds "9"]
[EventCountry "ENG"]
[SourceTitle "CBM 209 Extra"]
[Source "ChessBase"]
[SourceDate "2022.09.30"]
[SourceVersion "1"]
[SourceVersionDate "2022.09.30"]
[SourceQuality "1"]

1. d4 d5 2. Bf4 c5 3. e3 cxd4 4. exd4 Nc6 5. Nc3 Bf5 6. Nf3 Nf6 7. Ne5 e6 8. g4 Nxe5 9. dxe5 Nxg4 10. Bb5+ Ke7 11. f3 Nh6 12. Qd4 Qb6 13. Bg5+ f6 14. exf6+ Kf7 15. Qh4 gxf6 16. Bxh6 Bxh6 17. Qxh6 a6 18. 0-0-0 axb5 19. Qf4 Qc5 20. Rxd5 exd5 21. Qxf5 Qe3+ 22. Kb1 Qe6 23. Qh5+ Kf8 24. Nxd5 f5 25. c4 Rc8 26. Nf4 Qe5 27. Qh6+ Kf7 28. Rd1 Rxc4 29. Qh5+ Kf8 30. Rd8+ Ke7 31. Qg5+ Kf7 32. Rd7+ Kf8 33. Qd8+ Qe8 34. Ne6+ Kg8 35. Rg7# 1-0

[Event "FRA-chT Top 16 Gp Basse"]
[Site "Chartres"]
[Date "2022.06.19"]
[Round "4.4"]
[White "Domenech, Vianney"]
[Black "Iglesias, Yosha"]
[Result "1/2-1/2"]
[WhiteElo "2266"]
[BlackElo "2202"]
[PlyCount "28"]
[EventDate "2022.06.16"]
[EventType "team-tourn"]
[EventRounds "4"]
[EventCountry "FRA"]
[SourceTitle "CBM 208 Extra"]
[Source "ChessBase"]
[SourceDate "2022.07.31"]
[SourceVersion "1"]
[SourceVersionDate "2022.07.31"]
[SourceQuality "1"]
[WhiteTeam "Agen"]
[BlackTeam "Paris Club 608"]
[WhiteTeamCountry "FRA"]
[BlackTeamCountry "FRA"]

1. d4 d5 2. Nf3 e6 3. Bf4 Nf6 4. Nbd2 c5 5. e3 Bd6 6. Bg3 0-0 7. c3 Qc7 8. Bd3 Nbd7 9. e4 e5 10. 0-0 exd4 11. cxd4 Bxg3 12. hxg3 dxe4 13. Nxe4 Nxe4 14. Bxe4 Nf6 1/2-1/2

[Event "FRA-chT Top 16 GpB"]
[Site "Chartres"]
[Date "2022.06.14"]
[Round "6.6"]
[White "Marzolo, Cyril"]
[Black "Domenech, Vianney"]
[Result "1/2-1/2"]
[WhiteElo "2378"]
[BlackElo "2266"]
[PlyCount "122"]
[EventDate "2022.06.09"]
[EventType "team-tourn"]
[EventRounds "7"]
[EventCountry "FRA"]
[SourceTitle "CBM 208 Extra"]
[Source "ChessBase"]
[SourceDate "2022.07.31"]
[SourceVersion "1"]
[SourceVersionDate "2022.07.31"]
[SourceQuality "1"]
[WhiteTeam "Lyon"]
[BlackTeam "Agen"]
[WhiteTeamCountry "FRA"]
[BlackTeamCountry "FRA"]

1. c4 Nf6 2. Nc3 g6 3. Nf3 Bg7 4. d4 0-0 5. Bg5 d6 6. e3 c6 7. Be2 Nbd7 8. 0-0 Qc7 9. h3 e5 10. b4 h6 11. Bh4 Nh7 12. Qb3 Kh8 13. c5 g5 14. cxd6 Qxd6 15. Bg3 f5 16. dxe5 Nxe5 17. Nxe5 Bxe5 18. Rfd1 Qf6 19. Bxe5 Qxe5 20. Na4 Nf6 21. Rac1 Be6 22. Qc3 Qxc3 23. Nxc3 Rad8 24. b5 c5 25. b6 axb6 26. Rb1 Nd5 27. Na4 Ra8 28. Nxb6 Nc3 29. Nxa8 Nxe2+ 30. Kf1 Nc3 31. Nb6 Nxb1 32. Rxb1 Bxa2 33. Rb5 Rf6 34. Ke1 Rc6 35. Kd2 Kg7 36. Kc3 Be6 37. Na4 Kf6 38. Rxb7 Bd5 39. g3 Bg2 40. h4 gxh4 41. gxh4 Ra6 42. Rb6+ Rxb6 43. Nxb6 Kg6 44. Nd7 Kh5 45. Nxc5 Kxh4 46. Kd2 Bc6 47. Ne6 Bd7 48. Nd4 Kh3 49. Ke1 Kg2 50. Ne2 Bb5 51. Nf4+ Kf3 52. Ne6 Bd3 53. Nd4+ Kg2 54. Kd2 Be4 55. f3 Bxf3 56. Nxf5 h5 57. Nh4+ Kf2 58. Kd3 Kg3 59. Nxf3 Kxf3 60. e4 Kf4 61. e5 Kxe5 1/2-1/2

[Event "FRA-chT Top 12"]
[Site "Chalons en Champagne"]
[Date "2021.06.30"]
[Round "7.2"]
[White "Kosteniuk, Alexandra"]
[Black "Domenech, Vianney"]
[Result "1-0"]
[WhiteElo "2472"]
[BlackElo "2265"]
[PlyCount "67"]
[EventDate "2021.06.24"]
[EventType "team-tourn"]
[EventRounds "11"]
[EventCountry "FRA"]
[SourceTitle "CBM 203 Extra"]
[Source "ChessBase"]
[SourceDate "2021.09.30"]
[SourceVersion "1"]
[SourceVersionDate "2021.09.30"]
[SourceQuality "1"]
[WhiteTeam "Clichy Echecs 92"]
[BlackTeam "Agenais Echiquier"]
[WhiteTeamCountry "FRA"]
[BlackTeamCountry "FRA"]

1. e4 e6 2. d4 d5 3. Nc3 Nf6 4. e5 Nfd7 5. Nf3 c5 6. Ne2 b6 7. c3 Ba6 8. Nf4 Bxf1 9. Kxf1 Nc6 10. h4 cxd4 11. cxd4 h6 12. g3 Rc8 13. Kg2 b5 14. Qe2 Qb6 15. Be3 Na5 16. b3 Ba3 17. Nh5 Kf8 18. g4 Nc6 19. Rad1 Kg8 20. Ng3 Ne7 21. Ne1 Qc6 22. Nd3 Kh7 23. g5 Nf5 24. Nxf5 exf5 25. Qf3 g6 26. h5 Kg7 27. gxh6+ Kh7 28. hxg6+ fxg6 29. Nf4 Nb6 30. Nh3 Be7 31. Bg5 Qe6 32. Qg3 f4 33. Nxf4 Qf7 34. Bxe7 1-0

[Event "FRA-chT Top 12"]
[Site "Chalons en Champagne"]
[Date "2021.06.27"]
[Round "4.5"]
[White "Degraeve, Jean Marc"]
[Black "Domenech, Vianney"]
[Result "1-0"]
[WhiteElo "2527"]
[BlackElo "2265"]
[PlyCount "79"]
[EventDate "2021.06.24"]
[EventType "team-tourn"]
[EventRounds "11"]
[EventCountry "FRA"]
[SourceTitle "CBM 203 Extra"]
[Source "ChessBase"]
[SourceDate "2021.09.30"]
[SourceVersion "1"]
[SourceVersionDate "2021.09.30"]
[SourceQuality "1"]
[WhiteTeam "Asnieres"]
[BlackTeam "Agenais Echiquier"]
[WhiteTeamCountry "FRA"]
[BlackTeamCountry "FRA"]

1. e4 Nc6 2. Nf3 d6 3. d4 Nf6 4. Nc3 g6 5. h3 Bg7 6. d5 Nb8 7. Bc4 0-0 8. 0-0 e5 9. dxe6 Bxe6 10. Bxe6 fxe6 11. e5 dxe5 12. Qxd8 Rxd8 13. Bg5 Nbd7 14. Rfe1 h6 15. Bxf6 Bxf6 16. Ne4 Bg7 17. Kf1 Kf7 18. Re3 Nb6 19. g3 Nd5 20. Rd3 Nb6 21. Rb3 a5 22. a4 Rab8 23. Ke2 Nd5 24. Rd1 b6 25. Rbd3 Ke8 26. c3 Ne7 27. Rxd8+ Rxd8 28. Rxd8+ Kxd8 29. Kd3 Kd7 30. Ned2 Nf5 31. Nc4 e4+ 32. Kxe4 Nd6+ 33. Kd3 Nxc4 34. Kxc4 Kc6 35. b4 axb4 36. cxb4 g5 37. Nd4+ Kd6 38. a5 bxa5 39. bxa5 e5 40. Nf5+ 1-0

[Event "FRA-chT 16 Final-B"]
[Site "Playchess.com INT"]
[Date "2021.01.17"]
[Round "14"]
[White "Hasseine, Madiane"]
[Black "Domenech, Vianney"]
[Result "1-0"]
[WhiteElo "2157"]
[BlackElo "2265"]
[PlyCount "99"]
[EventDate "2021.01.16"]
[EventType "team-tourn (blitz)"]
[EventRounds "15"]
[EventCountry "FRA"]
[SourceTitle "CBM 200 Extra"]
[Source "ChessBase"]
[SourceDate "2021.03.31"]
[SourceVersion "1"]
[SourceVersionDate "2021.03.31"]
[SourceQuality "1"]
[WhiteTeam "Chartres"]
[BlackTeam "Agen"]
[WhiteTeamCountry "FRA"]
[BlackTeamCountry "FRA"]

1. d4 Nc6 2. d5 Ne5 3. Nc3 Nf6 4. e4 e6 5. f4 Ng6 6. dxe6 fxe6 7. e5 Ng8 8. Bd3 Bc5 9. Nf3 N8e7 10. Ng5 0-0 11. Qh5 h6 12. Bxg6 Nxg6 13. Nge4 Qh4+ 14. Qxh4 Nxh4 15. Nxc5 Nxg2+ 16. Ke2 Nxf4+ 17. Bxf4 Rxf4 18. Raf1 Rxf1 19. Rxf1 b6 20. Nd3 a6 21. Nf4 Bb7 22. h4 b5 23. h5 b4 24. Nd1 a5 25. Kd2 a4 26. Ne3 Be4 27. Ng6 Kh7 28. Rf4 Bxg6 29. hxg6+ Kxg6 30. Rxb4 h5 31. Ke2 Rf8 32. Rxa4 Kh6 33. Rh4 g5 34. Rh1 h4 35. Ng4+ Kh5 36. Nf6+ Kg6 37. a4 d6 38. a5 dxe5 39. Nd7 Ra8 40. Nxe5+ Kf5 41. Nc4 Ke4 42. b3 Rh8 43. Ne3 Ra8 44. b4 Kd4 45. Kd2 c5 46. c3+ Ke4 47. Rg1 cxb4 48. cxb4 Rg8 49. Ke2 e5 50. Rg4# 1-0

[Event "Cappelle Online Blitz op 1st"]
[Site "Europe Echecs INT"]
[Date "2021.01.10"]
[Round "7"]
[White "Breuil, Tristan"]
[Black "Domenech, Vianney"]
[Result "0-1"]
[WhiteElo "1973"]
[BlackElo "2265"]
[PlyCount "132"]
[EventDate "2021.01.10"]
[EventType "swiss (blitz)"]
[EventRounds "11"]
[EventCountry "FRA"]
[SourceTitle "CBM 200 Extra"]
[Source "ChessBase"]
[SourceDate "2021.03.31"]
[SourceVersion "1"]
[SourceVersionDate "2021.03.31"]
[SourceQuality "1"]

1. e4 Nc6 2. Nf3 d6 3. d4 Nf6 4. Nc3 g6 5. h3 Bg7 6. Be3 0-0 7. Qd2 a6 8. d5 Nb8 9. g4 b5 10. a3 c6 11. Bg2 cxd5 12. exd5 Nbd7 13. Nd4 Ne5 14. Nc6 Qc7 15. Nxe5 dxe5 16. d6 Qb8 17. Bxa8 Qxa8 18. 0-0-0 Rd8 19. Nd5 Nxd5 20. dxe7 Re8 21. Qxd5 Bb7 22. Qd8 Bxh1 23. Bb6 Bc6 24. Rd6 Bh6+ 25. Kb1 Bg5 26. Qc7 Bxe7 27. Rxc6 Bf8 28. Qd7 e4 29. Rc7 Re7 30. Qd6 Rxc7 31. Qxc7 Qd5 32. Be3 h5 33. c3 hxg4 34. hxg4 Qd1+ 35. Ka2 Qxg4 36. Bd4 Qe6+ 37. Kb1 Qf5 38. Qh2 e3+ 39. Ka1 Bg7 40. Qb8+ Kh7 41. Qh2+ Qh5 42. Qxh5+ gxh5 43. Bxe3 h4 44. Bf4 Kg6 45. Kb1 Kf5 46. Bh2 Be5 47. Bg1 h3 48. Kc2 h2 49. Bxh2 Bxh2 50. Kd3 Bg1 51. Ke2 Ke4 52. b3 f5 53. f3+ Kf4 54. c4 bxc4 55. bxc4 Bc5 56. a4 a5 57. Kd3 Kxf3 58. Kc3 Ke3 59. Kc2 f4 60. Kb3 f3 61. Ka2 f2 62. Kb3 f1Q 63. Ka2 Qxc4+ 64. Kb2 Kd2 65. Kb1 Qc2+ 66. Ka1 Bd4# 0-1

[Event "Cappelle Online Blitz op 1st"]
[Site "Europe Echecs INT"]
[Date "2021.01.10"]
[Round "10"]
[White "Domenech, Vianney"]
[Black "Vlachos, Anatole"]
[Result "0-1"]
[WhiteElo "2265"]
[BlackElo "2413"]
[PlyCount "54"]
[EventDate "2021.01.10"]
[EventType "swiss (blitz)"]
[EventRounds "11"]
[EventCountry "FRA"]
[SourceTitle "CBM 200 Extra"]
[Source "ChessBase"]
[SourceDate "2021.03.31"]
[SourceVersion "1"]
[SourceVersionDate "2021.03.31"]
[SourceQuality "1"]

1. d4 f5 2. Bf4 Nf6 3. e3 e6 4. Nc3 Bb4 5. Bd3 d5 6. a3 Bxc3+ 7. bxc3 0-0 8. Nf3 c5 9. c4 dxc4 10. Bxc4 Nc6 11. 0-0 cxd4 12. Nxd4 Nxd4 13. exd4 Nd5 14. Be5 b6 15. Qf3 Bb7 16. Rfe1 Qd7 17. Qg3 Rf7 18. a4 Rc8 19. Bb5 Bc6 20. c4 Nb4 21. Bxc6 Qxc6 22. Rac1 Qxa4 23. h4 Nc2 24. Re2 Rxc4 25. h5 Nxd4 26. Rxc4 Nxe2+ 27. Kh2 Qxc4 0-1

[Event "Cappelle Online Blitz op 1st"]
[Site "Europe Echecs INT"]
[Date "2021.01.10"]
[Round "1"]
[White "Muller, Lorelei"]
[Black "Domenech, Vianney"]
[Result "0-1"]
[WhiteElo "1531"]
[BlackElo "2265"]
[PlyCount "68"]
[EventDate "2021.01.10"]
[EventType "swiss (blitz)"]
[EventRounds "11"]
[EventCountry "FRA"]
[SourceTitle "CBM 200 Extra"]
[Source "ChessBase"]
[SourceDate "2021.03.31"]
[SourceVersion "1"]
[SourceVersionDate "2021.03.31"]
[SourceQuality "1"]

1. e4 Nc6 2. d4 d6 3. c4 Nf6 4. Nc3 g6 5. Nf3 Bg7 6. Be2 0-0 7. 0-0 a6 8. a4 a5 9. h3 Nb4 10. Be3 c6 11. e5 Nd7 12. exd6 exd6 13. Rc1 h6 14. Qd2 Kh7 15. Nh2 f5 16. Bd3 f4 17. Bxf4 Nxd3 18. Bxd6 Nxc1 19. Bxf8 Nb3 20. Qd1 Qxf8 21. Qxb3 Bxd4 22. Nf3 Bg7 23. Qc2 Ne5 24. Nxe5 Bxe5 25. b3 Bf5 26. Qc1 Re8 27. Re1 Bd4 28. Ne2 Bg7 29. Ng3 Rxe1+ 30. Qxe1 Bc2 31. Qe2 Bxb3 32. Nf1 Bxa4 33. Ne3 Bb3 34. Kh1 a4 0-1

[Event "Cappelle Online Blitz op 1st"]
[Site "Europe Echecs INT"]
[Date "2021.01.10"]
[Round "5"]
[White "Shchekachev, Andrei"]
[Black "Domenech, Vianney"]
[Result "1-0"]
[WhiteElo "2515"]
[BlackElo "2265"]
[PlyCount "69"]
[EventDate "2021.01.10"]
[EventType "swiss (blitz)"]
[EventRounds "11"]
[EventCountry "FRA"]
[SourceTitle "CBM 200 Extra"]
[Source "ChessBase"]
[SourceDate "2021.03.31"]
[SourceVersion "1"]
[SourceVersionDate "2021.03.31"]
[SourceQuality "1"]

1. Nf3 Nc6 2. d4 d6 3. e4 Nf6 4. c3 g6 5. Bd3 Bg7 6. 0-0 0-0 7. h3 e5 8. Re1 Nh5 9. Bg5 Qe8 10. Be3 h6 11. Na3 a6 12. Nc2 f5 13. dxe5 dxe5 14. Bc4+ Be6 15. Bxe6+ Qxe6 16. Qd5 Rae8 17. Bc5 Rf7 18. Qxe6 Rxe6 19. Rad1 b6 20. Ba3 Bf8 21. Bxf8 Kxf8 22. g3 Ke7 23. Ne3 f4 24. Nd5+ Ke8 25. g4 Nf6 26. g5 Ng8 27. gxh6 Rd6 28. Ng5 Nxh6 29. Nxf7 Nxf7 30. Nxc7+ Ke7 31. Nd5+ Ke6 32. h4 g5 33. Nxb6 gxh4 34. f3 Ng5 35. Kf2 1-0

[Event "Cappelle Online Blitz op 1st"]
[Site "Europe Echecs INT"]
[Date "2021.01.10"]
[Round "9"]
[White "Vine, Thibault"]
[Black "Domenech, Vianney"]
[Result "0-1"]
[WhiteElo "1850"]
[BlackElo "2265"]
[PlyCount "96"]
[EventDate "2021.01.10"]
[EventType "swiss (blitz)"]
[EventRounds "11"]
[EventCountry "FRA"]
[SourceTitle "CBM 200 Extra"]
[Source "ChessBase"]
[SourceDate "2021.03.31"]
[SourceVersion "1"]
[SourceVersionDate "2021.03.31"]
[SourceQuality "1"]

1. e4 Nc6 2. Nf3 d6 3. d4 Nf6 4. Bd3 g6 5. c3 Bg7 6. 0-0 0-0 7. Bg5 h6 8. Bf4 Nh5 9. Be3 e5 10. d5 Ne7 11. Qd2 Kh7 12. c4 f5 13. exf5 gxf5 14. Bc2 Ng6 15. g3 f4 16. Nh4 fxe3 17. Bxg6+ Kg8 18. fxe3 Rxf1+ 19. Kxf1 Bh3+ 20. Kg1 Qg5 21. Nc3 Nxg3 22. hxg3 Qxg3+ 23. Kh1 Qxh4 24. Qh2 Rf8 25. Ne4 Rf3 26. Rg1 Kh8 27. Ng3 e4 28. Nf5 Qf6 29. Nxg7 Qxg7 30. Bh5 Rf1 31. Be2 Rxg1+ 32. Qxg1 Qxb2 33. Bh5 Qg7 34. Kh2 Qxg1+ 35. Kxg1 Kg7 36. Kf2 Kf6 37. Be2 Bf5 38. Kg3 Kg5 39. Bd1 h5 40. Ba4 h4+ 41. Kh2 b6 42. Bc2 a5 43. a4 Kg4 44. Bd1+ Kg5 45. Be2 Bd7 46. Bd1 Bg4 47. Kg2 Bxd1 48. Kh3 Bxa4 0-1

[Event "FRA-chT Top 16 Philidor"]
[Site "Playchess.com INT"]
[Date "2021.01.09"]
[Round "6"]
[White "Domenech, Vianney"]
[Black "Bagheri, Amir"]
[Result "0-1"]
[WhiteElo "2265"]
[BlackElo "2348"]
[PlyCount "104"]
[EventDate "2021.01.09"]
[EventType "team-tourn (rapid)"]
[EventRounds "12"]
[EventCountry "FRA"]
[SourceTitle "CBM 200 Extra"]
[Source "ChessBase"]
[SourceDate "2021.03.31"]
[SourceVersion "1"]
[SourceVersionDate "2021.03.31"]
[SourceQuality "1"]
[WhiteTeam "Agen"]
[BlackTeam "Monaco"]
[WhiteTeamCountry "FRA"]
[BlackTeamCountry "MNC"]

1. d4 Nf6 2. Bf4 e6 3. e3 b6 4. Nf3 Bb7 5. Bd3 Nh5 6. Bg5 Be7 7. Bxe7 Qxe7 8. 0-0 c5 9. c3 0-0 10. Nbd2 cxd4 11. cxd4 d6 12. a4 Nc6 13. Qb3 Rfc8 14. Qa3 Nf6 15. Rfc1 Kf8 16. Nc4 Ne8 17. a5 Nxa5 18. Nxa5 Rxc1+ 19. Rxc1 bxa5 20. Qxa5 Bxf3 21. gxf3 Rb8 22. Rc2 g6 23. f4 d5 24. b4 Kg7 25. b5 Rb7 26. Rc8 Rc7 27. Rxc7 Qxc7 28. Qa6 Nd6 29. Qc6 Qxc6 30. bxc6 Kf8 31. Kf1 Ke7 32. Ke2 Kd8 33. Kd2 Kc7 34. Kc3 a5 35. Kb3 Kxc6 36. Ka4 Kb6 37. Be2 Ne4 38. Bd3 Nxf2 39. Bb5 Ng4 40. Be8 f5 41. Bf7 Nxe3 42. Bxe6 Kc6 43. Bg8 h6 44. Bh7 g5 45. fxg5 hxg5 46. Kxa5 f4 47. Kb4 f3 48. Kc3 f2 49. Bd3 f1Q 50. Bxf1 Nxf1 51. h3 Ng3 52. Kd3 Nf5 0-1

[Event "FRA-chT Top 16 Philidor"]
[Site "Playchess.com INT"]
[Date "2021.01.09"]
[Round "9"]
[White "Domenech, Vianney"]
[Black "Demuth, Adrien"]
[Result "1-0"]
[WhiteElo "2265"]
[BlackElo "2483"]
[PlyCount "67"]
[EventDate "2021.01.09"]
[EventType "team-tourn (rapid)"]
[EventRounds "12"]
[EventCountry "FRA"]
[SourceTitle "CBM 200 Extra"]
[Source "ChessBase"]
[SourceDate "2021.03.31"]
[SourceVersion "1"]
[SourceVersionDate "2021.03.31"]
[SourceQuality "1"]
[WhiteTeam "Agen"]
[BlackTeam "Nice"]
[WhiteTeamCountry "FRA"]
[BlackTeamCountry "FRA"]

1. d4 g6 2. Bf4 Bg7 3. Nc3 d6 4. e4 Nc6 5. d5 e5 6. Be3 Nce7 7. Qd2 f5 8. f3 Nf6 9. 0-0-0 f4 10. Bf2 g5 11. g3 Ng6 12. h4 fxg3 13. Bxg3 gxh4 14. Bxh4 Nxh4 15. Rxh4 Bd7 16. Bh3 Qe7 17. Qe3 h5 18. Kb1 Bh6 19. Qf2 Rg8 20. Nge2 a6 21. Bxd7+ Qxd7 22. Ng3 Bf4 23. Nxh5 Nxh5 24. Rxh5 b6 25. Ne2 Qf7 26. Qh4 Be3 27. Rh7 Rg7 28. Rxg7 Qxg7 29. Rh1 Kf7 30. Qh3 Rd8 31. Ng3 Qf6 32. Nf5 Bf4 33. Qh7+ Ke8 34. Ng7+ 1-0

[Event "FRA-chT Top 16 Philidor"]
[Site "Playchess.com INT"]
[Date "2021.01.09"]
[Round "4"]
[White "Domenech, Vianney"]
[Black "Lagarde, Maxime"]
[Result "1/2-1/2"]
[WhiteElo "2265"]
[BlackElo "2651"]
[PlyCount "168"]
[EventDate "2021.01.09"]
[EventType "team-tourn (rapid)"]
[EventRounds "12"]
[EventCountry "FRA"]
[SourceTitle "CBM 200 Extra"]
[Source "ChessBase"]
[SourceDate "2021.03.31"]
[SourceVersion "1"]
[SourceVersionDate "2021.03.31"]
[SourceQuality "1"]
[WhiteTeam "Agen"]
[BlackTeam "Chartres"]
[WhiteTeamCountry "FRA"]
[BlackTeamCountry "FRA"]

1. d4 f5 2. Bf4 Nf6 3. e3 d6 4. Nc3 h6 5. h4 g6 6. Qf3 e6 7. Qg3 Kf7 8. 0-0-0 a6 9. e4 fxe4 10. f3 Nh5 11. Qh2 Nxf4 12. Qxf4+ Qf6 13. Qxe4 d5 14. Qe3 Bd6 15. Nce2 Nc6 16. g3 Bd7 17. f4 Raf8 18. Nf3 Ke8 19. Bh3 Kd8 20. Ne5 Ne7 21. Qb3 Bc8 22. c4 c6 23. c5 Bc7 24. Rde1 g5 25. h5 Rhg8 26. Kb1 g4 27. Bg2 Nf5 28. Ka1 Rg7 29. Qc3 Bd7 30. Nc1 Be8 31. Bf1 Kc8 32. Be2 Rfg8 33. Bd1 Qd8 34. Bc2 Kb8 35. Bxf5 exf5 36. Re3 Re7 37. Ncd3 Rgg7 38. b4 Re6 39. a3 Rge7 40. Kb2 Qc8 41. Qc2 Bf7 42. Nf2 Bg8 43. Qxf5 Bh7 44. Qxg4 Ka7 45. Rhe1 Bxe5 46. Rxe5 Rxe5 47. Rxe5 Qe8 48. Qe2 Rxe5 49. Qxe5 Qg8 50. g4 a5 51. bxa5 Qd8 52. g5 Qxa5 53. g6 Qd2+ 54. Kb3 Bg8 55. Qe8 Qxf4 56. Qxg8 Qe3+ 57. Kc2 Qxf2+ 58. Kc3 Qe3+ 59. Kc2 Qe2+ 60. Kc3 Qc4+ 61. Kd2 Qxd4+ 62. Ke2 Qg4+ 63. Kd2 Qg2+ 64. Kd3 Qf3+ 65. Kd2 Qf4+ 66. Kd3 Qc4+ 67. Kd2 Qa2+ 68. Kd1 Qb3+ 69. Kd2 Qb2+ 70. Kd1 Qd4+ 71. Ke2 Qe5+ 72. Kd2 Qg5+ 73. Kd3 Qg3+ 74. Kd2 Qg2+ 75. Kd3 Qe4+ 76. Kd2 d4 77. Qd8 Qe3+ 78. Kd1 Qd3+ 79. Ke1 Qc3+ 80. Kf2 d3 81. Qb6+ Kb8 82. Qd8+ Ka7 83. Qb6+ Kb8 84. Qd8+ Ka7 1/2-1/2

[Event "Europe Echecs Blitz Nov op"]
[Site "Europe Echecs INT"]
[Date "2020.11.08"]
[Round "5"]
[White "Domenech, Vianney"]
[Black "Brunner, Nicolas"]
[Result "0-1"]
[WhiteElo "2265"]
[BlackElo "2418"]
[PlyCount "46"]
[EventDate "2020.11.08"]
[EventType "swiss (blitz)"]
[EventRounds "11"]
[EventCountry "FRA"]
[SourceTitle "CBM 199 Extra"]
[Source "ChessBase"]
[SourceDate "2021.01.31"]
[SourceVersion "1"]
[SourceVersionDate "2021.01.31"]
[SourceQuality "1"]

1. d4 Nf6 2. Bf4 d5 3. e3 c5 4. Nc3 cxd4 5. exd4 a6 6. Nf3 Nc6 7. Ne5 Bd7 8. g4 Nxe5 9. dxe5 Nxg4 10. f3 Nh6 11. e6 Bxe6 12. Qd4 Nf5 13. Qa4+ Bd7 14. Nxd5 Bxa4 15. Nc7+ Qxc7 16. Bxc7 e6 17. b3 Bc6 18. Be2 Bc5 19. 0-0-0 0-0 20. Kb2 Rac8 21. Be5 Rfd8 22. Bd3 Bd4+ 23. Bxd4 Nxd4 0-1

[Event "Paleochora op 13th"]
[Site "Paleochora"]
[Date "2020.07.21"]
[Round "5"]
[White "Bulmaga, Irina"]
[Black "Domenech, Vianney"]
[Result "0-1"]
[WhiteElo "2440"]
[BlackElo "2237"]
[PlyCount "27"]
[EventDate "2020.07.18"]
[EventType "swiss"]
[EventRounds "9"]
[EventCountry "GRE"]
[SourceTitle "EXT 2021"]
[Source "ChessBase"]
[SourceDate "2020.10.23"]
[SourceVersion "1"]
[SourceVersionDate "2020.10.23"]
[SourceQuality "1"]

1. e4 Nc6 2. Nf3 d6 3. d4 Nf6 4. c3 g6 5. Bd3 Bg7 6. 0-0 0-0 7. Re1 e5 8. h3 h6 9. Na3 Nh5 10. Nc2 Bf6 11. d5 Nb8 12. c4 a5 13. Bf1 Na6 14. Ne3 0-1